Guess The Movies In My Horror Movie Collection - Statistics

General Stats
  • This quiz has been taken 37 times
    14 since last reset
  • The average score is 105 of 384
Answer Stats
Release Year Director Horror Movie % Correct
1979 Ridley Scott Alien
91%
1986 James Cameron Aliens
82%
1990 Tommy Lee Wallace It
73%
2017 Andreas Muschietti It
73%
2016 Damien Leone Terrifier
73%
2002 Danny Boyle 28 Days Later
64%
1984 Wes Craven A Nightmare on Elm Street
64%
2010 Samuel Bayer A Nightmare on Elm Street
64%
2014 John R. Leonetti Annabelle
64%
2017 Jordan Peele Get Out
64%
1978 John Carpenter Halloween
64%
2007 Rob Zombie Halloween
64%
2018 David Gordon Green Halloween
64%
1975 Steven Spielberg Jaws
64%
2022 Damien Leone Terrifier 2
64%
2013 James Wan The Conjuring
64%
2024 Tyler Gillett and Matt Bettinelli-Olpin Abigail
55%
1992 David Fincher Alien3
55%
1976 Brian De Palma Carrie
55%
1988 Tom Holland (No not that one) Child’s Play
55%
2019 Lars Klevberg Child’s Play
55%
2013 Don Mancini Curse of Chucky
55%
2000 James Wong Final Destination
55%
2003 David R. Ellis Final Destination 2
55%
2006 James Wong Final Destination 3
55%
1980 Sean S. Cunningham Friday the 13th
55%
2009 Marcus Nispel Friday the 13th
55%
2019 Andreas Muschietti It: Chapter Two
55%
2012 Ridley Scott Prometheus
55%
2004 James Wan Saw
55%
1996 Wes Craven Scream
55%
2022 Matt Bettinelli-Olpin and Tyler Gillett Scream
55%
2016 M. Night Shyamalan Split
55%
2011/2012 Drew Goddard The Cabin in the Woods
55%
2016 James Wan The Conjuring 2
55%
2009 David R. Ellis The Final Destination
55%
2018 Corin Hardy The Nun
55%
2015 M. Night Shyamalan The Visit
55%
1997 Jean-Pierre Jeunet Alien: Resurrection
45%
2004 Paul W. S. Anderson Alien vs. Predator
45%
2013 Damien Leone All Hallows’ Eve
45%
1981 John Landis An American Werewolf in London
45%
2019 Gary Dauberman Annabelle Comes Home
45%
2017 David F. Sandberg Annabelle: Creation
45%
2018 John Krasinski A Quiet Place
45%
1988 Tim Burton Beetlejuice
45%
1998 Ronny Yu Bride of Chucky
45%
2002 Eli Roth Cabin Fever
45%
2016 Travis Zariwny Cabin Fever
45%
1992 Bernard Rose Candyman
45%
2021 Nia DaCosta Candyman
45%
1990 John Lafia Child’s Play 2
45%
1991 Jack Bender Child’s Play 3
45%
2017 Don Mancini Cult of Chucky
45%
1931 Tod Browning and Karl Freund Dracula
45%
2011 Steven Quale Final Destination 5
45%
1931 James Whale Frankenstein
45%
2003 Ronny Yu Freddy vs. Jason
45%
2017 Christopher Landon Happy Death Day
45%
2019 Christopher Landon Happy Death Day 2U
45%
2018 Ari Aster Hereditary
45%
2020 Rob Savage Host
45%
2005 Eli Roth Hostel
45%
2010 James Wan Insidious
45%
2019 Tate Taylor Ma
45%
1968 George A. Romero Night of the Living Dead
45%
2022 Jordan Peele Nope
45%
2022 Ti West Pearl
45%
1987 John McTiernan Predator
45%
1968 Roman Polanski Rosemary’s Baby
45%
1997 Wes Craven Scream 2
45%
2000 Wes Craven Scream 3
45%
2011 Wes Craven Scream 4
45%
1995 David Fincher Se7en
45%
2004 Don Mancini Seed of Chucky
45%
2021/2022 Scott Derrikson The Black Phone
45%
2021 Michael Chaves The Conjuring: The Devil Made Me Do It
45%
1973 William Friedkin The Exorcist
45%
1933 James Whale The Invisible Man
45%
2020 Leigh Whannell The Invisible Man
45%
2019 Robert Eggers The Lighthouse
45%
1976 Richard Donner The Omen
45%
2006 John Moore The Omen
45%
2018 Shane Black The Predator
45%
1980 Stanley Kubrick The Shining
45%
1982 John Carpenter The Thing
45%
2011 Matthijs van Heijningen Jr. The Thing
45%
2019 Jordan Peele Us
45%
2022 Ti West X
45%
2007 Juan Carlos Fresnadillo 28 Weeks Later
36%
2017 Ridley Scott Alien: Covenant
36%
2000 Mary Harron American Psycho
36%
1997 Luis Llosa Anaconda
36%
1985 Jack Sholder A Nightmare on Elm Street 2: Freddy’s Revenge
36%
1987 Charles Russell A Nightmare on Elm Street 3: Dream Warriors
36%
1988 Renny Harlin A Nightmare on Elm Street 4: The Dream Master
36%
1989 Stephen Hopkins A Nightmare on Elm Street 5: The Dream Child
36%
2020 John Krasinski A Quiet Place: Part II
36%
2016 Fede Alvarez Don’t Breathe
36%
2013 Fede Alvarez Evil Dead
36%
1981 Steve Miner Friday the 13th Part 2
36%
1985 Danny Steinmann Friday the 13th Part V: A New Beginning
36%
1984 Joseph Zito Friday the 13th: The Final Chapter
36%
1996 Robert Rodriguez From Dusk Till Dawn
36%
1984 Joe Dante Gremlins
36%
1990 Joe Dante Gremlins 2: The New Batch
36%
2022 David Gordon Green Halloween Ends
36%
2021 David Gordon Green Halloween Kills
36%
2002 Rick Rosenthal Halloween: Resurrection
36%
2001 Ridley Scott Hannibal
36%
1987 Clive Barker Hellraiser
36%
2022 David Brickner Hellraiser
36%
1997 Jim Gillespie I Know What You Did Last Summer
36%
2001 James Isaac Jason X
36%
1978 Jeannot Szwarc Jaws 2
36%
1983 Joe Alves Jaws 3-D
36%
2017 Michael and Peter Spierig Jigsaw
36%
2019 Ari Aster Midsommar
36%
1990 Rob Reiner Misery
36%
2021 M. Night Shyamalan Old
36%
2014 Stiles White Ouija
36%
2016 Mike Flanagan Ouija: Origin of Evil
36%
2007 Oren Peli Paranormal Activity
36%
1982 Tobe Hooper Poltergeist
36%
2015 Gil Kenan Poltergeist
36%
1990 Stephen Hopkins Predator 2
36%
2019 Matt Bettinelli-Olpin and Tyler Gillett Ready or Not
36%
2002 Paul W. S. Anderson Resident Evil
36%
2008 David Hackl Saw V
36%
2012 Scott Derrickson Sinister
36%
2006 James Gunn Slither
36%
2022 The Philippou Brothers Talk to Me
36%
2016 Andre Ovredal The Autopsy of Jane Doe
36%
2014/2015 Jennifer Kent The Babadook
36%
2016 William Brent Bell The Boy
36%
1935 James Whale The Bride of Frankenstein
36%
2005 Neil Marshall The Descent
36%
1981 Sam Raimi The Evil Dead
36%
2023 Michael Chaves The Nun II
36%
2013 James DeMonaco The Purge
36%
2014 James DeMonaco The Purge: Anarchy
36%
2016 James DeMonaco The Purge: Election Year
36%
2002 Gore Verbinski The Ring
36%
1991 Jonathan Demme The Silence of the Lambs
36%
1974 Tobe Hooper The Texas Chain Saw Massacre
36%
1990 Ron Underwood Tremors
36%
1996 S. S. Wilson Tremors 2: Aftershocks
36%
2001 Brent Maddock Tremors 3: Back to Perfection
36%
2004 S. S. Wilson Tremors 4: The Legend Begins
36%
2015 Don Michael Paul Tremors 5: Bloodlines
36%
1994 Wes Craven Wes Craven’s New Nightmare
36%
2011 Adam Wingard You’re Next
36%
2016 Dan Trachtenberg 10 Cloverfield Lane
27%
2007 Colin and Greg Strause Aliens vs. Predator: Requiem
27%
2018 Alex Garland Annihilation
27%
2009 Lara von Trier Antichrist
27%
2010 Darren Aronofsky Black Swan
27%
2008 Matt Reeves Cloverfield
27%
1978 Don Taylor Damien: Omen II
27%
2019 Mike Flanagan Doctor Sleep
27%
2021 Rodo Sayagues Don’t Breathe 2
27%
2020 Christopher Landon Freaky
27%
1991 Rachel Talalay Freddy’s Dead: The Final Nightmare
27%
1982 Steve Miner Friday the 13th Part III
27%
1989 Rob Hedden Friday the 13th Part VIII: Jason Takes Manhattan
27%
1988 John Carl Buechler Friday the 13th Part VII: The New Blood
27%
1986 Tom McLoughlin Friday the 13th Part VI: Jason Lives
27%
2015 Jeremy Saulnier Green Room
27%
1988 Dwight H. Little Halloween 4: The Return of Michael Myers
27%
1989 Dominique Othenin-Girard Halloween 5: The Revenge of Michael Myers
27%
1981 Rick Rosenthal Halloween II
27%
2009 Rob Zombie Halloween II
27%
1982 Tommy Lee Wallace Halloween III: Season of the Witch
27%
1995 Joe Chappelle Halloween: The Curse of Michael Myers
27%
2007 Eli Roth Hostel: Part II
27%
2011 Scott Spiegel Hostel: Part III
27%
2006 Sylvain White I’ll Always Know What You Did Last Summer
27%
2024 Michael Mohan Immaculate
27%
2013 James Wan Insidious: Chapter 2
27%
2015 Leigh Whannell Insidious: Chapter 3
27%
2018 Adam Robitel Insidious: The Last Key
27%
2023 Patrick Wilson Insidious: The Red Door
27%
2014 David Robert Mitchell It Follows
27%
1993 Adam Marcus Jason Goes To Hell: The Final Friday
27%
1987 Joseph Sargent Jaws: The Revenge
27%
2023 M. Night Shyamalan Knock at the Cabin
27%
2016 David F. Sandberg Lights Out
27%
2022/2023 Gerard Johnstone M3GAN
27%
2022 Alex Garland Men
27%
1981 George Mihalka My Bloody Valentine
27%
1981 Graham Baker Omen III: The Final Conflict
27%
2009 Jaume Collet-Serra Orphan
27%
2010 Tod Williams Paranormal Activity 2
27%
2011 Ariel Schulman and Henry Joost Paranormal Activity 3
27%
2010 Nimrod Antal Predators
27%
2022 Dan Trachtenberg Prey
27%
2002 Brett Ratner Red Dragon
27%
2004 Alexander Witt Resident Evil: Apocalypse
27%
2010 Kevin Greutert Saw 3D: The Final Chapter
27%
2005 Darren Lynn Bousman Saw II
27%
2006 Darren Lynn Bousman Saw III
27%
2007 Darren Lynn Bousman Saw IV
27%
2009 Kevin Greutert Saw VI
27%
2023 Kevin Greutert Saw X
27%
2004 Edgar Wright Shaun of the Dead
27%
2022 Parker Finn Smile
27%
2021 Darren Lynn Bousman Spiral: From the Book of Saw
27%
1999 Eduardo Sanchez and Daniel Myrick The Blair Witch Project
27%
2019 Michael Chaves The Curse of La Llorona
27%
1998 Robert Rodriguez The Faculty
27%
2018 Gerard McMurray The First Purge
27%
2021 Everardo Valerio Gout The Forever Purge
27%
2013 Eli Roth The Green Inferno
27%
2020 Craig Zobel The Hunt
27%
1987 Joel Schumacher The Lost Boys
27%
2018 Jon Turteltaub The Meg
27%
2001 Alejandro Amenaber The Others
27%
1941 George Waggner The Wolf Man
27%
2010 Joe Johnston The Wolfman
27%
2007 Michael Dougherty Trick ‘r Treat
27%
2018 Jeff Wadlow Truth or Dare
27%
2023 Rhys Frake-Waterfield Winnie-the-Pooh: Blood and Honey
27%
2024 Rhys Frake-Waterfield Winnie-the-Pooh: Blood and Honey II
27%
2003 Rob Schmidt Wrong Turn
27%
2009 Ruben Fleischer Zombieland
27%
2019 Ruben Fleischer Zombieland: Double Tap
27%
2002 Morgan J. Freeman (No not that one) American Psycho 2: All American Girl
18%
2008 Don E. FauntLeRoy Anaconda 3: Offspring
18%
2004 Dwight H. Little Anacondas: The Hunt for the Blood Orchid
18%
2009 Don E. FauntLeRoy Anacondas: Trail of Blood
18%
1992 Sam Raimi Army of Darkness
18%
2014 John Erick-Dowdle As Above, So Below
18%
2016 Chris Peckover Better Watch Out
18%
2006 Jonathan King Black Sheep
18%
1998 Stephen Norrington Blade
18%
2002 Guillermo del Toro Blade II
18%
2004 David S. Goyer Blade: Trinity
18%
2016 Adam Wingard Blair Witch
18%
2020 William Brent Bell Brahms: The Boy II
18%
1995 Bill Condon Candyman: Farewell to the Flesh
18%
1999 Tenby Harlin Deep Blue Sea
18%
2019 Adam Robitel Escape Room
18%
2021 Adam Robitel Escape Room: Tournament of Champions
18%
1987 Sam Raimi Evil Dead II: Dead by Dawn
18%
2023 Lee Cronin Evil Dead Rise
18%
2023 Emma Tammi Five Nights At Freddy’s
18%
1984 Ivan Reitman Ghostbusters
18%
1989 Ivan Reitman Ghostbusters II
18%
2011 Colin Minihan and Stuart Ortiz Grave Encounters
18%
1998 Steve Miner Halloween H20: 20 Years Later
18%
2007 Peter Webber Hannibal Rising
18%
1988 Tony Randel Hellbound: Hellraiser II
18%
1996 Kevin Yagher (Alan Smithee) and Joe Chappelle Hellraiser: Bloodline
18%
2005 Rick Bota Hellraiser: Deader
18%
1992 Anthony Hickox Hellraiser III: Hell on Earth
18%
2000 Scott Derrickson Hellraiser: Inferno
18%
2018 Gary J. Tunnicliffe Hellraiser: Judgement
18%
2024 Jeff Wadlow Imaginary
18%
2024 Chris Nash In A Violent Nature
18%
1998 Danny Cannon I Still Know What You Did Last Summer
18%
2015 Michael Dougherty Krampus
18%
2021 James Wan Malignant
18%
2024 Bryce McGuire Night Swim
18%
Mike Flanagan Oculus
18%
1991 Jorge Montesi and Dominique Othenin-Girard Omen IV: The Awakening
18%
2022 William Brent Bell Orphan: First Kill
18%
2012 Ariel Schulman and Henry Joost Paranormal Activity 4
18%
1988 Gary Sherman Poltergeist III
18%
2007 Russell Mulcahy Resident Evil: Extinction
18%
2005 Jonathan Liebesman and Gore Verbinski Rings
18%
2017 F. Javier Gutierrez Rings
18%
2019 Rose Glass Saint Maud
18%
2023 Matt Bettinelli-Olpin and Tyler Gillett Scream VI
18%
2015 Ciaran Foy Sinister 2
18%
2016 Greg McLean The Belko Experiment
18%
2020 Timothy Woodward Jr. The Call
18%
2012 Marcus Dunstan The Collection
18%
2009 Marcus Dunstan The Collector
18%
1954 Jack Arnold The Creature From The Black Lagoon
18%
1980 John Carpenter The Fog
18%
2005 Rupert Wainwright The Fog
18%
1984 James Cameron The Terminator
18%
2003 Len Wiseman Underworld
18%
2006 Len Wiseman Underworld: Evolution
18%
2009 Patrick Tatopoulos Underworld: Rise of the Lycans
18%
2018 Leigh Whannell Upgrade
18%
2013 Marc Forster World War Z
18%
2016 Gore Verbinski A Cure for Wellness
9%
2011 Gonzalo Lopez-Gallego Apollo 18
9%
2022 Baltaser Kormakur Beast
9%
2019 David Yarovesky Brightburn
9%
1999 Turi Meyer Candyman 3: Day of the Dead
9%
2019 Richard Stanley Color Out of Space
9%
2009 The Spierig Brothers Daybreakers
9%
2015 Jason Lei Howden Deathgasm
9%
2018 Darin Scott Deep Blue Sea 2
9%
2020 John Pogue Deep Blue Sea 3
9%
1936 Lambert Hillyer Dracula’s Daughter
9%
1984 Mark L. Lester Firestarter
9%
2022 Keith Thomas Firestarter
9%
1943 Roy William Niell Frankenstein Meets The Wolf Man
9%
2017 Andy Nyman and Jeremy Dyson Ghost Stories
9%
2002 Rick Bota Hellraiser: Hellseeker
9%
2005 Rick Bota Hellraiser: Hellworld
9%
2011 Victor Garcia Hellraiser: Revelations
9%
1945 Erle C. Kenton House of Dracula
9%
1944 Erle C. Kenton House of Frankenstein
9%
2021 Edgar Wright Last Night in Soho
9%
2010 Dario Piana Lost Boys: The Thirst
9%
2008 P. J. Pesce Lost Boys: The Tribe
9%
2018 Panos Cosmatos Mandy
9%
2009 Patrick Lussier My Bloody Valentine 3D
9%
2015 Gregory Plotkin Paranormal Activity: The Ghost Dimension
9%
2014 Christopher Landon Paranormal Activity: The Marked Ones
9%
2020 Steven Kostanski PG: Psycho Goreman
9%
1986 Brian Gibson Poltergeist II: The Other Side
9%
1988 Stan Winston Pumpkinhead
9%
2023 Chris McKay Renfield
9%
2010 Paul W. S. Anderson Resident Evil: Afterlife
9%
2012 Paul W. S. Anderson Resident Evil: Retribution
9%
2016 Paul W. S. Anderson Resident Evil: The Final Chapter
9%
1955 Jack Arnold Revenge of the Creature
9%
2006 Gregory Dark See No Evil
9%
2006 David R. Ellis Snakes on a Plane
9%
1939/1943 Rowland V. Lee Son of Frankenstein
9%
2019 Danishka Esterhazy The Banana Splits Movie
9%
2013 Elliot Goldner The Borderlands
9%
2015 Rob Cohen The Boy Next Door
9%
2018 Julius Onah The Cloverfield Paradox
9%
1956 John Sherwood The Creature Walks Among Us
9%
1993 George A. Romero The Dark Half
9%
2008 Ryuhei Kitamura The Midnight Meat Train
9%
2024 Jamie Bailey The Mouse Trap
9%
2023 Julius Avery The Pope’s Exorcist
9%
2005 Hideo Nakata The Ring Two
9%
2012 James Watkins The Woman in Black
9%
2018 Don Michael Paul Tremors: A Cold Day in Hell
9%
2020 Don Michael Paul Tremors: Shrieker Island
9%
2012 Man’s Marlind and Bjorn Stein Underworld: Awakening
9%
2014 Leven Gabriadze Unfriended
9%
2018 Stephen Susco Unfriended: Dark Web
9%
2005 Greg McLean Wolf Creek
9%
1951 Charles Lamont Abbott and Costello Meet the Invisible Man
0%
2015 There’s 11 of them. I ain’t writing all their names All Hallows’ Eve: The Reaping
0%
2010 Jay Woelfel Carnival of Fear
0%
2001 Kevin Williamson (Creator) Demontown
0%
2005 Kevin Williamson (Creator) Demontown II
0%
2005 Kevin Williamson (Creator) Demontown III
0%
2009 Julian Higgins Devil Riders
0%
2005 Andrzej Bartkowiak Doom
0%
2018 Yedidya Gorsetman Empathy, Inc.
0%
2018 Gregory Plotkin Hell Fest
0%
2007 Francis Lawrence I Am Legend
0%
1942 Edwin L. Marin Invisible Agent
0%
2017 Daniel Espinosa Life
0%
1986 Michael Mann Manhunter
0%
2010 Griff Furst Mask Maker
0%
2017 Joe Lynch Mayhem
0%
2023 Ben Wheatley Meg 2: The Trench
0%
2022 Daniel Espinosa Morbius
0%
2018 Julius Avery Overlord
0%
2000 David Twohy Pitch Black
0%
2021 Johannes Roberts Resident Evil: Welcome to Racoon City
0%
2013 Brant Sersen Sanatorium
0%
2014 Sylvia and Jen Soska See No Evil 2
0%
1946 Jean Yarbrough She-Wolf of London
0%
2022/2023 Kyle Edward Ball Skinamarink
0%
1943 Robert Siodmak Son of Dracula
0%
2014 Carl Lindbergh The Bunnyman Massacre
0%
2017 Justin Benson and Aaron Moorhead The Endless
0%
1942 Erle C. Kenton The Ghost of Frankenstein
0%
2011 Mike O’Mahony The Goatman Murders
0%
1940 Joe May The Invisible Man Returns
0%
1944 Ford Beebe The Invisible Man’s Revenge
0%
1940 A. Edward Sutherland The Invisible Woman
0%
2010 Stephen Shimek The Maze
0%
2016 Travis Zariwny The Midnight Man
0%
2002 Mark Pellington The Mothman Prophecies
0%
2016 Steven Kostanski and Jeremy Gillespie The Void
0%
1984 Mick Jackson Threads
0%
2017 Issa Lopez Tigers Are Not Afraid
0%
2013 Jordan Barker Torment
0%
1935 Stuart Walker Werewolf of London
0%
2021 Kevin Lewis Willy’s Wonderland
0%
No matching quizzes found
Score Distribution
Percent of People with Each Score
Percentile by Number Answered
Your Score History
You have not taken this quiz since the last reset